书目信息 |
| 题名: |
当代德国概况
|
|
| 作者: | 姚宝 , 过文英 编著 | |
| 分册: | ||
| 出版信息: | 上海 上海外语教育出版社 1998 |
|
| 页数: | 218页 | |
| 开本: | 26cm | |
| 丛书名: | ||
| 单 册: | ||
| 中图分类: | H33 | |
| 科图分类: | ||
| 主题词: | 德语 | |
| 电子资源: | ||
| ISBN: | 7-81046-389-6 | |
| 000 | 00667nam0 2200217 450 | |
| 001 | 0753413595 | |
| 005 | 20070626170853.50 | |
| 010 | @a7-81046-389-6@dCNY20.00 | |
| 100 | @a20070626d1998 km y0chiy0120 ea | |
| 101 | 0 | @achi |
| 102 | @aCN | |
| 200 | 1 | @a当代德国概况@Adang dai de guo gai kuang@f姚宝,过文英编著@Fyao bao,guo wen ying bian zhu |
| 210 | @a上海@c上海外语教育出版社@d1998 | |
| 215 | @a218页@d26cm | |
| 517 | 1 | @aDei bundesrepublik Deutschland von heute eine landeskundliche ubersicht |
| 606 | 0 | @a德语 |
| 690 | @aH33@v3 | |
| 701 | 0 | @a姚宝@Ayao bao@4编著 |
| 701 | 0 | @a过文英@Aguo wen ying@4编著 |
| 801 | 0 | @aCN@bPFT@c20070626 |
| 905 | @a10447@dH33@e104 | |
| 当代德国概况/姚宝,过文英编著.-上海:上海外语教育出版社,1998 |
| 218页;26cm |
| ISBN 7-81046-389-6:CNY20.00 |
| ● |
| 相关链接 |
|
|
|
|
正题名:当代德国概况
索取号:H33/104
 
预约/预借
| 序号 | 登录号 | 条形码 | 馆藏地/架位号 | 状态 | 备注 |
| 1 | 0683973 | 206839732 | 第二样本阅览室/ [索取号:H33/104] | 在馆 | |
| 2 | 0683974 | 206839741 | 密集书库/ [索取号:H33/104] | 在馆 | |
| 3 | 0683975 | 206839750 | 密集书库/ [索取号:H33/104] | 在馆 | |
| 4 | 0683976 | 206839769 | 密集书库/ [索取号:H33/104] | 在馆 | |
| 5 | 0683977 | 206839778 | 密集书库/ [索取号:H33/104] | 在馆 | |
| 6 | 0683978 | 206839787 | 密集书库/ [索取号:H33/104] | 在馆 |